01475cam a22003617a 4500003000500000005001700005008004100022010001000063011001000073035001000083040000900093090001000102100003700112245007800149260004000227300001100267502012000278590003700398590004100435590004100476590004100517590004200558650005300600650003400653650004200687901000700729942000900736949004300745949004800788999001700836952013200853952012800985CHAP20220329135609.0971013s1995 r 00010 d a39074 a40046 a44171 cCHAP aTesis00aMarín Cornejal, Martha.971487 0aPrograma anual de control y auditoria - 1995b: área técnica forestal aChapingo, Méx. :bEl autor,c1995 a106 h. aTesis (Ing. Forestal con Orientación en Evaluación y Abastecimiento) -- UACH. División de Ciencias Forestales aALEPHb10c20130110lUCH01h1305 aBATCH-UPDb10c20130110lUCH01h1023 aBATCH-UPDb10c20130410lUCH01h0628 aBATCH-UPDb10c20130914lUCH01h0712 aCONVERSIONb10c20130109lUCH01h132214aBosquesxAspectos económicosxMéxico.91407614aBosquesxContabilidad.91411714aPolítica forestalzMéxico.990610 aBK cFOLL bBCcTESd-101154eTS1h27529i44171si bBCcTESd-101155eTS2fc.2h27530i44171si c39074d39074 00102local4053708TESISaBCbBCcPA_TESISd2019-12-31fFOLLl0oTesisp-101155r2019-12-31 00:00:00tc.2w2019-12-31yTESIS 00102local4051708TESISaBCbBCcPA_TESISd2019-12-31fTESISl0oTesisp-101154r2019-12-31 00:00:00w2019-12-31yTESIS